OMFB-pályázatok. Idén tízmillió forint került Szegedre
Elmentve itt :
| Dokumentumtípus: | Cikk |
|---|---|
| Megjelent: |
1992-06-12
|
| Sorozat: | Délmagyarország
82 No. 138 |
| Kulcsszavak: | OMFB-pályázatok |
| Online Access: | http://dmarchiv.bibl.u-szeged.hu/79191 |
| LEADER | 00433nab a2200145 i 4500 | ||
|---|---|---|---|
| 001 | delm79191 | ||
| 005 | 20191002122605.0 | ||
| 008 | 191002s1992 hu o 0|| hun d | ||
| 040 | |a SZTE Délmagyarország Archívum |b hun | ||
| 041 | |a hun | ||
| 245 | 0 | 0 | |a OMFB-pályázatok. Idén tízmillió forint került Szegedre |h [elektronikus dokumentum] |
| 260 | |c 1992-06-12 | ||
| 300 | |a 3 | ||
| 490 | 0 | |a Délmagyarország |v 82 No. 138 | |
| 695 | |a OMFB-pályázatok | ||